<?xml version="1.0" encoding="UTF-8"?><?xml-stylesheet type="text/xsl" href="static/style.xsl"?><OAI-PMH xmlns="http://www.openarchives.org/OAI/2.0/" xmlns:xsi="http://www.w3.org/2001/XMLSchema-instance" xsi:schemaLocation="http://www.openarchives.org/OAI/2.0/ http://www.openarchives.org/OAI/2.0/OAI-PMH.xsd"><responseDate>2026-04-13T03:02:50Z</responseDate><request verb="GetRecord" identifier="oai:www.recercat.cat:2117/416821" metadataPrefix="marc">https://recercat.cat/oai/request</request><GetRecord><record><header><identifier>oai:recercat.cat:2117/416821</identifier><datestamp>2026-03-20T05:41:59Z</datestamp><setSpec>com_2072_1033</setSpec><setSpec>col_2072_452950</setSpec></header><metadata><record xmlns="http://www.loc.gov/MARC21/slim" xmlns:dcterms="http://purl.org/dc/terms/" xmlns:xsi="http://www.w3.org/2001/XMLSchema-instance" xmlns:doc="http://www.lyncode.com/xoai" xsi:schemaLocation="http://www.loc.gov/MARC21/slim http://www.loc.gov/standards/marcxml/schema/MARC21slim.xsd">
   <leader>00925njm 22002777a 4500</leader>
   <datafield ind2=" " ind1=" " tag="042">
      <subfield code="a">dc</subfield>
   </datafield>
   <datafield ind2=" " ind1=" " tag="720">
      <subfield code="a">Ma, Zhongmin</subfield>
      <subfield code="e">author</subfield>
   </datafield>
   <datafield ind2=" " ind1=" " tag="720">
      <subfield code="a">Zhang, Shuangcheng</subfield>
      <subfield code="e">author</subfield>
   </datafield>
   <datafield ind2=" " ind1=" " tag="720">
      <subfield code="a">Hyuk, Park</subfield>
      <subfield code="e">author</subfield>
   </datafield>
   <datafield ind2=" " ind1=" " tag="720">
      <subfield code="a">Camps Carmona, Adriano José</subfield>
      <subfield code="e">author</subfield>
   </datafield>
   <datafield ind2=" " ind1=" " tag="260">
      <subfield code="c">2024</subfield>
   </datafield>
   <datafield ind2=" " ind1=" " tag="520">
      <subfield code="a">Numerous studies have demonstrated the effectiveness of CYGNSS data for flood detection and mapping. However, the vast majority of the studies only focuses on flood extent detection, ignoring the importance of flood water levels in post-disaster relief. Meanwhile, most of the existing studies on inland water levels altimetry using CYGNSS data are based on the CYGNSS raw IF data using either the time-delay method or the phase method for altimetry. Although high accuracy can be obtained, at present the CYGNSS raw IF data is not a standard data, so it cannot be applied to the study of emergency flooding events. Given the above research gaps, this study proposes an effective method to combine CYGNSS L1 standard data with DTM for rapid estimation of flood water levels. The effectiveness of the proposed methodology is validated using the case of the 2022 Pakistan mega-flood. Comparison with ICESat-2 altimetry data gives encouraging results.</subfield>
   </datafield>
   <datafield ind2=" " ind1=" " tag="520">
      <subfield code="a">This research was funded by the National Natural Science Foundation of China Projects (Grant No.42074041); The National Key Research and Development Program of China (Grant No.2020YFC1512000); State Key Laboratory of GeoInformation Engineering (Grant No. SKLGIE2022-ZZ2-07); The Fundamental Research Funds for the Central Universities (CHD300102263715). This research has also been partially funded by the project “GENESIS: GNSS Environmental and Societal Missions – Subproject UPC”, Grant PID2021-126436OB-C21 funded by the Ministerio de Ciencia e Investigación (MCIN)/Agencia Estatal de Investigación (AEI)/10.13039/501100011033 and EU FEDER “Una manera de hacer Europa”. Zhongmin Ma's work was partly supported by the China Scholarship Council (CSC) through a State Scholarship Fund (No. 202306560073).</subfield>
   </datafield>
   <datafield ind2=" " ind1=" " tag="520">
      <subfield code="a">Peer Reviewed</subfield>
   </datafield>
   <datafield ind2=" " ind1=" " tag="520">
      <subfield code="a">Postprint (author's final draft)</subfield>
   </datafield>
   <datafield tag="653" ind2=" " ind1=" ">
      <subfield code="a">Àrees temàtiques de la UPC::Enginyeria de la telecomunicació::Radiocomunicació i exploració electromagnètica::Satèl·lits i ràdioenllaços</subfield>
   </datafield>
   <datafield tag="653" ind2=" " ind1=" ">
      <subfield code="a">GNSS-R</subfield>
   </datafield>
   <datafield tag="653" ind2=" " ind1=" ">
      <subfield code="a">CYGNSS</subfield>
   </datafield>
   <datafield tag="653" ind2=" " ind1=" ">
      <subfield code="a">Flood</subfield>
   </datafield>
   <datafield tag="653" ind2=" " ind1=" ">
      <subfield code="a">Water level</subfield>
   </datafield>
   <datafield tag="653" ind2=" " ind1=" ">
      <subfield code="a">Water extent</subfield>
   </datafield>
   <datafield ind2="0" ind1="0" tag="245">
      <subfield code="a">An efficient technique for rapid estimation of flood water levels: combining CYGNSS GNSS-R L1 data with DTMS</subfield>
   </datafield>
</record></metadata></record></GetRecord></OAI-PMH>